From anger to action: (Record no. 362014)
[ view plain ]
| 000 -LEADER | |
|---|---|
| fixed length control field | 00476nam a2200133Ia 4500 |
| 008 - FIXED-LENGTH DATA ELEMENTS--GENERAL INFORMATION | |
| fixed length control field | 190723s9999 xx 000 0 und d |
| 020 ## - INTERNATIONAL STANDARD BOOK NUMBER | |
| International Standard Book Number | 9781684032297 |
| 100 ## - MAIN ENTRY--PERSONAL NAME | |
| Personal name | Abblett, Mitch R. |
| 245 ## - TITLE STATEMENT | |
| Statement of responsibility, etc | Mitch R. Abblett |
| Title | From anger to action: |
| Remainder of title | powerful mindfulness tools to help teens harness anger for positive change/ |
| 260 ## - PUBLICATION, DISTRIBUTION, ETC. (IMPRINT) | |
| Place of publication, distribution, etc | California: |
| Name of publisher, distributor, etc | New Harbinger Publications, Inc. |
| Date of publication, distribution, etc | 2019 |
| 300 ## - PHYSICAL DESCRIPTION | |
| Extent | viii, 152 p. : |
| Dimensions | 200 cm. |
| 650 ## - SUBJECT ADDED ENTRY--TOPICAL TERM | |
| Topical term or geographic name as entry element | anger management |
| 650 ## - SUBJECT ADDED ENTRY--TOPICAL TERM | |
| Topical term or geographic name as entry element | Mindfulness |
| Withdrawn status | Lost status | Damaged status | Home library | Current library | Shelving location | Date acquired | Source of acquisition | Total Checkouts | Total Renewals | Full call number | Barcode | Date last seen | Date checked out | Price effective from | Koha item type |
|---|---|---|---|---|---|---|---|---|---|---|---|---|---|---|---|
| Luxembourg Library | Luxembourg Library | Teachers Reference Section | 07/23/2019 | 3 | 5 | BF 724.3 .A55 2019 | 20750 | 06/05/2020 | 02/06/2020 | 07/23/2019 | Books |